00388 2200157 4500245005100000020002200051250001100073100001500084650001900099005001900118260004700137041001400184084000800198300001500206336000900221 aSetelah Ayah Pergi SelamanyacMila JosiehText a978-602-71508-6-7 aCet. 1 aMila Josie aNovel Keluarga a20230109135709 aYogyakartabOCTOPUS Publishing Housec2015 aIndonesia a813 a152 hlm. : atext